| 000 | 01027nam a2200193Ia 4500 | ||
|---|---|---|---|
| 020 | _a9250043643 | ||
| 040 | _cCUS | ||
| 082 | _a639 FOO 1999 A044 Or. | ||
| 245 | 1 | 0 |
_aReport of the Consultation on the Application of Article 9 of the FAO Code of Conduct for Responsible Fisheries in the Mediterranean Region, Rome, Italy, 19-23 July 1999 = _bRapport de la consultation sur l'application de l'article 9 du code de conduite pour une peche responsable de la FAO dans la r©♭gion m©♭diterran©♭enne, Rome, Italie, 19-23 Juillet 1999 |
| 246 | 3 | 1 | _aRapport de la consultation sur l'application de l'article 9 du code de conduite pour une peche responsable de la FAO dans la r©♭gion m©♭diterran©♭enne |
| 260 |
_aRome : _bFood and Agriculture Organization of the United Nations, _c1999 |
||
| 300 |
_avi, 208 p. ; _c30 cm |
||
| 490 | 1 | _aFAO fisheries report = FAO rapport sur les p©®ches ; | |
| 500 | _a"FIRI/R606 (Bi)." | ||
| 650 | 0 | _aFishes | |
| 650 | 0 | _aFishes | |
| 650 | 0 | _aFishery management | |
| 942 | _cEK | ||
| 999 |
_c13101 _d13101 |
||